000
00290nam a2200121Ia 4500
008
190216s9999||||xx |||||||||||||| ||und||
100
_a
Alan G Sharpe
245
0
_a
Inorganic Chemistry
260
_b
English Language Book Society
_c
1986
300
_a
696p
650
_a
Chemistry
942
_c
BK
999
_c
2689
_d
2689